Les 10 villes les plus visités dans le monde en 2024 - Statistiques

Statistiques générales
  • Ce quiz a été pris 245 fois
  • Le résultat moyen est 4 sur 10
Statistiques - réponses
Visiteurs (millions) Continent Ville % Correct
17.4 Europe Paris
99%
21.7 Europe Londres
79%
23 Europe / Asie Istanbul
70%
32.4 Asie Bangkok
50%
18.2 Asie Dubai
44%
20.5 Asie Hong Kong
36%
16.5 Asie Kuala Lumpur
20%
19.3 Asie La Mecque
18%
19.3 Europe / Asie Antalya
8%
18 Asie Macao
8%
Aucun quiz correspondant
Distribution des résultats
% des personnes avec chaque résultat
Percentile par nombre de réponses
Votre historique - résultats
Vous n’avez pas pris ce quiz